Open Data Biblioteca Nacional de Portugal


República Portuguesa: Ministério da Cultura
Biblioteca Nacional de Portugal

Catálogo da BNP: acesso por Identificadores Unívocos
Registos Bibliográficos associados ao registo de autoridade

Etiqueta de registo: 00254nam 2200025 450
001 2284175
003 http://id.bnportugal.gov.pt/bib/catbnp/2284175
100 ## $a20260413d2025 k y0pory01030103ba
101 0# $apor$deng
102 ## $aPT
105 ## $aa m 001yy
106 ## $ar
200 1# $aPlano Nacional de Leitura$eentre o leituricídio e a promoção de hábitos de leitura$fPaula Cristina de Sousa Pinto$gorient. Maria Beatriz Pinto de Sá Moscoso Marques
210 #9 $aCoimbra$c[s.n.],$d2025
215 ## $a541 p.$cil.$d30 cm
328 #1 $aTese dout. Ciência da Informação, Faculdade de Letras da Universidade de Coimbra, 2025
675 ## $a028.6(469)"2006/2016"(043)$vBN$zpor$31660947
675 ## $a37.014(469)"2006/2016"(043)$vBN$zpor$31660948
700 #1 $aPinto,$bPaula Cristina de Sousa$31995448
702 #1 $aMarques,$bMaria Beatriz Pinto de Sá Moscoso$4727$31508591
801 #0 $aPT$bBN$gRPC
966 ## $lBN$mFGMON$sB.A.D. 8056 V.$x1
971 ## $cisantos$d20260413
972 ## $e0$z0$d20260507$vasantos
973 ## $cigoulao$d20260504
975 ## $e0$d20260511$viquintas

OpendataBNP@bnportugal.pt | Mais informação sobre acesso aos dados BNP